Sports Quiz

Random Sports or NHL Quiz

NHL Top 25 PIM Leaders All Time Quiz Stats

 Plays Quiz not verified by Sporcle

Challenge
Share
Tweet
Embed
Score 0/25 Timer 10:00
0 Plays Today
Hint Answer % Correct
TOR, NYR, WPGTie Domi
90.7%
TOR, VAN, DET, LAK, HFDDave Williams
87%
QBC, WSH, COLDale Hunter
87%
CGY, QBC, VAN, SJSTim Hunter
87%
WSH, STL, NJScott Stevens
87%
PIT, EDM, LAK, NYR, SJS, BOSMarty McSorley
85.2%
DET, CHIBob Probert
85.2%
NJKen Daneyko
77.8%
BUF, OTTRob Ray
74.1%
MTL, NYR, BOSChris Nilan
70.4%
PHI, PIT, LAK, BOS, WSH, PHXRick Tocchet
70.4%
MTL, VAN, PHI, WSH, NYRDonald Brashear
70.4%
OTTChris Neil
70.4%
Hint Answer % Correct
MTL, CHI, DET, ATLChris Chelios
68.5%
DET, NYR, VANJoe Kocur
64.8%
NJ, HFD, NYR, DAL, DETPat Verbeek
63%
VAN, NYI, PHI, MTLGino Odjick
59.3%
NJ, STL, HFD, DET, NYRBrendan Shanahan
59.3%
BUF, PIT, TB, NYR, COL, CHI, DALMatthew Barnaby
55.6%
PHI, TOR, CGY, WSH, NYICraig Berube
48.1%
CHI, EDM, WPG, PHX, MTL, DAL, TORDave Manson
46.3%
CGY, CAR, TOR, FLA, PIT, TBGary Roberts
40.7%
QBC, TOR, DET, MIN, TB, STL, CHIBasil McRae
40.7%
PHI, EDM, FLA, STL, ATLScott Mellanby
38.9%
ATL, CGY, MIN, BOSWilli Plett
33.3%

You're not logged in!

Compare scores with friends on all Sporcle quizzes.
Join for Free
OR
Log In

You Might Also Like...

Show Comments

Extras

Top Quizzes Today


Score Distribution

Your Account Isn't Verified!

In order to create a playlist on Sporcle, you need to verify the email address you used during registration. Go to your Sporcle Settings to finish the process.

Report this User

Report this user for behavior that violates our Community Guidelines.

Details: